3 największe miasta we wszystkich państwach Ameryki Południowej - Statystyki

Ogólne statystyki
  • Ten quiz został rozwiązany 22 razy
  • Średni wynik to 15 z 36
Statystyki odpowiedzi
Państwo Ludność tych miast Miasta % Poprawnych
Argentyna 2 890 151 Buenos Aires
100%
Boliwia 835 400 La Paz
94%
Peru 8 472 935 Lima
89%
Urugwaj 1 304 687 Montevideo
89%
Brazylia 6 323 037 Rio de Janeiro
89%
Brazylia 11 125 243 São Paulo
89%
Kolumbia 7 451 700 Bogotá
83%
Wenezuela 1 942 652 Caracas
83%
Chile 4 963 000 Santiago
83%
Ekwador 1 607 734 Quito
78%
Paragwaj 507 574 Asunción
67%
Kolumbia 2 335 600 Medellín
67%
Surinam 242 946 Paramaribo
67%
Gujana 24 849 Georgetown
61%
Kolumbia 2 233 000 Cali
50%
Argentyna 1 311 900 Córdoba
50%
Brazylia 2 675 875 Salvador
50%
Wenezuela 1 898 770 Maracaibo
28%
Peru 784 651 Arequipa
22%
Ekwador 2 278 691 Guayaquil
22%
Boliwia 1 616 100 Santa Cruz
17%
Peru 682 834 Trujillo
17%
Urugwaj 104 011 Salto
11%
Wenezuela 1 378 958 Valencia
11%
Urugwaj 95 176 Ciudad de la Costa
6%
Paragwaj 273 755 Ciudad del Este
6%
Ekwador 329 928 Cuenca
6%
Surinam 20 219 De Nieuwe Grond
6%
Boliwia 953 300 El Alto
6%
Surinam 16 161 Koewarasan
6%
Argentyna 1 773 900 La Matanza
6%
Gujana 27 277 Linden
6%
Gujana 17 329 New Amsterdam
6%
Chile 583 471 Puente Alto
6%
Paragwaj 236 594 San Lorenzo
6%
Chile 331 399 Viña del Mar
6%
Nie znaleziono quizów pasujących do podanych kryteriów
Rozkład punktacji
Procent ludzi z każdym wynikiem
Percentyl według liczby udzielonych odpowiedzi
Twoja historia wyników
Nie rozwiązałeś tego quizu